=LDR 00000nam 2200000 4500 =001 INLIS000000000021489 =005 20130612120340 =008 ***********************************Ind** =035 ##$$0010-061300000021489 =041 ##$$a Ind =082 ##$$a 621.381 =090 ##$$a 621.381, Sut e =100 ##$$a Sutrisno =245 ##$$a Elektronika teori dasar dan penerapanya =260 ##$$a 1987 $b Bandung =300 ##$$a 184 hlm, Ilus, 21 cm =850 ##$$a NBPNMAT